<?xml version="1.0" encoding="UTF-8"?>
<record
    xmlns:xsi="http://www.w3.org/2001/XMLSchema-instance"
    xsi:schemaLocation="http://www.loc.gov/MARC21/slim http://www.loc.gov/standards/marcxml/schema/MARC21slim.xsd"
    xmlns="http://www.loc.gov/MARC21/slim">

  <leader>00742nam a2200229Ia 4500</leader>
  <controlfield tag="005">20220905151739.0</controlfield>
  <controlfield tag="008">210716s2005    xx            000 0 und d</controlfield>
  <datafield tag="020" ind1=" " ind2=" ">
    <subfield code="a">0781734932</subfield>
  </datafield>
  <datafield tag="040" ind1=" " ind2=" ">
    <subfield code="c">AIMIT LIBRARY</subfield>
  </datafield>
  <datafield tag="041" ind1=" " ind2=" ">
    <subfield code="a">eng</subfield>
  </datafield>
  <datafield tag="082" ind1=" " ind2=" ">
    <subfield code="a">574.88 </subfield>
    <subfield code="2">8</subfield>
    <subfield code="b">DERE</subfield>
  </datafield>
  <datafield tag="100" ind1=" " ind2=" ">
    <subfield code="a">De Robertis, E D P.</subfield>
    <subfield code="9">56624</subfield>
  </datafield>
  <datafield tag="245" ind1=" " ind2=" ">
    <subfield code="a">Cell and molecular biology /</subfield>
    <subfield code="c">By E D P De Robertis and E M F De Robertis.</subfield>
  </datafield>
  <datafield tag="250" ind1=" " ind2=" ">
    <subfield code="a">8th ed.</subfield>
  </datafield>
  <datafield tag="260" ind1=" " ind2=" ">
    <subfield code="a">New York :</subfield>
    <subfield code="b">B I Publications Pvt Ltd ,</subfield>
    <subfield code="c">2005.</subfield>
  </datafield>
  <datafield tag="300" ind1=" " ind2=" ">
    <subfield code="a">xxix, 734p. ;</subfield>
    <subfield code="c">25.5 cm.</subfield>
  </datafield>
  <datafield tag="650" ind1=" " ind2=" ">
    <subfield code="a">Techniques in cell biology</subfield>
    <subfield code="9">56625</subfield>
  </datafield>
  <datafield tag="650" ind1=" " ind2=" ">
    <subfield code="a">Cell membrane and permeability</subfield>
    <subfield code="9">56626</subfield>
  </datafield>
  <datafield tag="650" ind1=" " ind2=" ">
    <subfield code="a">Cellular interactions</subfield>
    <subfield code="9">56627</subfield>
  </datafield>
  <datafield tag="700" ind1=" " ind2=" ">
    <subfield code="a">De Robertis, E M F.</subfield>
    <subfield code="9">56628</subfield>
  </datafield>
  <datafield tag="942" ind1=" " ind2=" ">
    <subfield code="2">ddc</subfield>
    <subfield code="c">BK</subfield>
    <subfield code="e">8th</subfield>
    <subfield code="k">574.88 DERE</subfield>
  </datafield>
  <datafield tag="999" ind1=" " ind2=" ">
    <subfield code="c">187436</subfield>
    <subfield code="d">187436</subfield>
  </datafield>
  <datafield tag="952" ind1=" " ind2=" ">
    <subfield code="0">0</subfield>
    <subfield code="1">0</subfield>
    <subfield code="2">ddc</subfield>
    <subfield code="4">0</subfield>
    <subfield code="7">0</subfield>
    <subfield code="8">MCA</subfield>
    <subfield code="a">AIMIT</subfield>
    <subfield code="b">AIMIT</subfield>
    <subfield code="e">Higginbothams Pvt Ltd</subfield>
    <subfield code="g">825.00</subfield>
    <subfield code="i">Bill no:6840; Bill dt:2005-12-16</subfield>
    <subfield code="l">0</subfield>
    <subfield code="o">574.88 DERE</subfield>
    <subfield code="p">MCA06944</subfield>
    <subfield code="r">2025-07-21 00:00:00</subfield>
    <subfield code="v">660.00</subfield>
    <subfield code="w">2021-07-16</subfield>
    <subfield code="y">BK</subfield>
  </datafield>
  <datafield tag="952" ind1=" " ind2=" ">
    <subfield code="0">0</subfield>
    <subfield code="1">0</subfield>
    <subfield code="2">ddc</subfield>
    <subfield code="4">0</subfield>
    <subfield code="7">0</subfield>
    <subfield code="8">MCA</subfield>
    <subfield code="a">AIMIT</subfield>
    <subfield code="b">AIMIT</subfield>
    <subfield code="e">Higginbothams Pvt Ltd</subfield>
    <subfield code="g">825.00</subfield>
    <subfield code="i">Bill no:6840; Bill dt:2005-12-16</subfield>
    <subfield code="l">0</subfield>
    <subfield code="o">574.88 DERE</subfield>
    <subfield code="p">MCA06945</subfield>
    <subfield code="r">2025-07-21 00:00:00</subfield>
    <subfield code="v">660.00</subfield>
    <subfield code="w">2021-07-16</subfield>
    <subfield code="y">BK</subfield>
  </datafield>
  <datafield tag="952" ind1=" " ind2=" ">
    <subfield code="0">0</subfield>
    <subfield code="1">0</subfield>
    <subfield code="2">ddc</subfield>
    <subfield code="4">0</subfield>
    <subfield code="7">0</subfield>
    <subfield code="8">MCA</subfield>
    <subfield code="a">AIMIT</subfield>
    <subfield code="b">AIMIT</subfield>
    <subfield code="e">Higginbothams Pvt Ltd</subfield>
    <subfield code="g">825.00</subfield>
    <subfield code="i">Bill no:6840; Bill dt:2005-12-16</subfield>
    <subfield code="l">0</subfield>
    <subfield code="o">574.88 DERE</subfield>
    <subfield code="p">MCA06946</subfield>
    <subfield code="r">2025-07-21 00:00:00</subfield>
    <subfield code="v">660.00</subfield>
    <subfield code="w">2021-07-16</subfield>
    <subfield code="y">BK</subfield>
  </datafield>
  <datafield tag="952" ind1=" " ind2=" ">
    <subfield code="0">0</subfield>
    <subfield code="1">0</subfield>
    <subfield code="2">ddc</subfield>
    <subfield code="4">0</subfield>
    <subfield code="7">0</subfield>
    <subfield code="8">MCA</subfield>
    <subfield code="a">AIMIT</subfield>
    <subfield code="b">AIMIT</subfield>
    <subfield code="e">Higginbothams Pvt Ltd</subfield>
    <subfield code="g">825.00</subfield>
    <subfield code="i">Bill no:6840; Bill dt:2005-12-16</subfield>
    <subfield code="l">0</subfield>
    <subfield code="o">574.88 DERE</subfield>
    <subfield code="p">MCA06947</subfield>
    <subfield code="r">2025-07-21 00:00:00</subfield>
    <subfield code="v">660.00</subfield>
    <subfield code="w">2021-07-16</subfield>
    <subfield code="y">BK</subfield>
  </datafield>
  <datafield tag="952" ind1=" " ind2=" ">
    <subfield code="0">0</subfield>
    <subfield code="1">0</subfield>
    <subfield code="2">ddc</subfield>
    <subfield code="4">0</subfield>
    <subfield code="7">0</subfield>
    <subfield code="8">MCA</subfield>
    <subfield code="a">AIMIT</subfield>
    <subfield code="b">AIMIT</subfield>
    <subfield code="e">Higginbothams Pvt Ltd</subfield>
    <subfield code="g">825.00</subfield>
    <subfield code="i">Bill no:6840; Bill dt:2005-12-16</subfield>
    <subfield code="l">0</subfield>
    <subfield code="o">574.88 DERE</subfield>
    <subfield code="p">MCA06948</subfield>
    <subfield code="r">2025-07-21 00:00:00</subfield>
    <subfield code="v">660.00</subfield>
    <subfield code="w">2021-07-16</subfield>
    <subfield code="y">BK</subfield>
  </datafield>
</record>
